[Event "GRE-ch U12"]
[Site "Rio Achaia"]
[Date "2018.07.06"]
[Round "5"]
[White "Panagopoulos, Panagiotis"]
[Black "Stounos, Nikolaos"]
[Result "0-1"]
[WhiteElo "1194"]
[BlackElo "1343"]
[PlyCount "124"]
[EventDate "2018.07.03"]
[EventType "swiss"]
[EventRounds "9"]
[EventCountry "GRE"]
[SourceTitle "EXT 2019"]
[Source "ChessBase"]
[SourceDate "2018.10.10"]
[SourceVersion "1"]
[SourceVersionDate "2018.10.10"]
[SourceQuality "1"]

1. e4 e6 2. d4 d5 3. Bd3 Nf6 4. e5 Nfd7 5. Nf3 c5 6. c3 Nc6 7. 0-0 Be7 8. Be3 Rb8 9. Nbd2 b5 10. dxc5 Ncxe5 11. Nxe5 Nxe5 12. Be2 0-0 13. f4 Nc4 14. Nxc4 bxc4 15. b4 cxb3 16. axb3 a5 17. Rb1 Qc7 18. b4 Bd7 19. Qc2 Bb5 20. Rf3 Bxe2 21. Rh3 f5 22. Qxe2 Bf6 23. Bd4 Bxd4+ 24. cxd4 Rxb4 25. Qxe6+ Qf7 26. Qxf7+ Kxf7 27. Rxb4 axb4 28. Rb3 Rb8 29. c6 Ke6 30. c7 Rc8 31. Rxb4 Rxc7 32. Kf2 Rc4 33. Rb6+ Kf7 34. Ke3 Rc2 35. Kf3 Rd2 36. Rb4 h6 37. h4 Kg6 38. g3 Rd3+ 39. Kg2 Kh5 40. Kh3 g5 41. hxg5 hxg5 42. fxg5 Kxg5 43. Ra4 f4 44. Ra5 Rxd4 45. gxf4+ Kxf4 46. Ra8 Re4 47. Rd8 d4 48. Kg2 Ke3 49. Kf1 Kd2 50. Kf2 d3 51. Kf3 Re7 52. Kf2 Kc2 53. Rc8+ Kd1 54. Rd8 d2 55. Rd6 Re1 56. Rc6 Re7 57. Rd6 Re2+ 58. Kf1 Re1+ 59. Kf2 Kc2 60. Rc6+ Kb3 61. Rb6+ Kc4 62. Rc6+ Kb5 0-1